Normal view
MARC view
- Usman Ghani
Entry Personal Name
001 - CONTROL NUMBER
- control field: 70031
003 - CONTROL NUMBER IDENTIFIER
- control field: NUST
005 - DATE AND TIME OF LATEST TRANSACTION
- control field: 20210628204344.0
008 - FIXED-LENGTH DATA ELEMENTS
- fixed length control field: 210628|| aca||aabn | a|a d
040 ## - CATALOGING SOURCE
- Original cataloging agency: NUST
- Transcribing agency: NUST
100 ## - HEADING--PERSONAL NAME
- Personal name: Usman Ghani
670 ## - SOURCE DATA FOUND
- Source citation: Work cat.: (NUST): Usman Ghani, TH-SOF-1202-Using a Mobile Platform for Detection and Classification of MRCPs in Electroencephalogram (EEG) Signals, 2001
